A search for Ξ++cc→ D+pK−π+ decays; Journal of High Energy Physics; Vol. 2019, iss. 10
| Parent link: | Journal of High Energy Physics Vol. 2019, iss. 10.— 2019.— [124, 20 p.] |
|---|---|
| Korporace: | , |
| Další autoři: | , , , , , , |
| Shrnutí: | Title screen A search for the Ξ++ccΞcc++ baryon through the Ξ++ccΞcc++→ D+pK−π+ decay is performed with a data sample corresponding to an integrated luminosity of 1.7 fb−1 recorded by the LHCb experiment in pp collisions at a centre-of-mass energy of 13 TeV. No significant signal is observed in the mass range from the kinematic threshold of the decay to 3800 MeV/c2. An upper limit is set on the ratio of branching fractions R=B(Ξ++cc→D+pK−π+)B(Ξ++cc→Λ+cK−π+π+)R=B(Ξcc++→D+pK−π+)/B(Ξcc++→Λc+K−π+π+) with ℛ < 1.7 (2.1) × 10−2 at the 90% (95%) confidence level at the known mass of the Ξ++ccΞcc++ state. |
| Jazyk: | angličtina |
| Vydáno: |
2019
|
| Témata: | |
| On-line přístup: | http://earchive.tpu.ru/handle/11683/64805 https://doi.org/10.1007/JHEP10(2019)124 |
| Médium: | MixedMaterials Elektronický zdroj Kapitola |
| KOHA link: | https://koha.lib.tpu.ru/cgi-bin/koha/opac-detail.pl?biblionumber=663408 |
MARC
| LEADER | 00000naa0a2200000 4500 | ||
|---|---|---|---|
| 001 | 663408 | ||
| 005 | 20250512092738.0 | ||
| 035 | |a (RuTPU)RU\TPU\network\34577 | ||
| 090 | |a 663408 | ||
| 100 | |a 20210210d2019 k||y0rusy50 ba | ||
| 101 | 0 | |a eng | |
| 102 | |a US | ||
| 135 | |a drcn ---uucaa | ||
| 181 | 0 | |a i | |
| 182 | 0 | |a b | |
| 200 | 1 | |a A search for Ξ++cc→ D+pK−π+ decays |f R. Aaij, C. A. Beteta, B. Adeva [et al.] | |
| 203 | |a Text |c electronic | ||
| 300 | |a Title screen | ||
| 320 | |a [References: 36 tit.] | ||
| 330 | |a A search for the Ξ++ccΞcc++ baryon through the Ξ++ccΞcc++→ D+pK−π+ decay is performed with a data sample corresponding to an integrated luminosity of 1.7 fb−1 recorded by the LHCb experiment in pp collisions at a centre-of-mass energy of 13 TeV. No significant signal is observed in the mass range from the kinematic threshold of the decay to 3800 MeV/c2. An upper limit is set on the ratio of branching fractions R=B(Ξ++cc→D+pK−π+)B(Ξ++cc→Λ+cK−π+π+)R=B(Ξcc++→D+pK−π+)/B(Ξcc++→Λc+K−π+π+) with ℛ < 1.7 (2.1) × 10−2 at the 90% (95%) confidence level at the known mass of the Ξ++ccΞcc++ state. | ||
| 461 | |t Journal of High Energy Physics | ||
| 463 | |t Vol. 2019, iss. 10 |v [124, 20 p.] |d 2019 | ||
| 610 | 1 | |a электронный ресурс | |
| 610 | 1 | |a труды учёных ТПУ | |
| 610 | 1 | |a branching fraction | |
| 610 | 1 | |a Hadron-Hadron scattering (experiments) | |
| 610 | 1 | |a charm physics | |
| 701 | 1 | |a Aaij |b R. |g Roel | |
| 701 | 1 | |a Beteta |b C. A. |g Carlos Abellan | |
| 701 | 1 | |a Adeva |b B. |g Bernardo | |
| 701 | 1 | |a Eydelman |b S. I. |g Semen Isaakovich | |
| 701 | 1 | |a Kharisova |b A. E. |c nuclear technology specialist |c engineer of Tomsk Polytechnic University |f 1994- |g Anastasiya Evgenjevna |3 (RuTPU)RU\TPU\pers\46775 |9 22411 | |
| 701 | 1 | |a Panshin |b G. L. |c specialist in the field of informatics and computer technology |c Senior Lecturer at Tomsk Polytechnic University |f 1987- |g Gennady Leonidovich |3 (RuTPU)RU\TPU\pers\40978 |9 21367 | |
| 701 | 1 | |a Strokov |b S. A. |c physicist |c engineer of Tomsk Polytechnic University |f 1977- |g Sergey Aleksandrovich |3 (RuTPU)RU\TPU\pers\37442 |9 20329 | |
| 712 | 0 | 2 | |a Национальный исследовательский Томский политехнический университет |b Исследовательская школа физики высокоэнергетических процессов |c (2017- ) |3 (RuTPU)RU\TPU\col\23551 |
| 712 | 0 | 2 | |a Национальный исследовательский Томский политехнический университет |b Инженерная школа информационных технологий и робототехники |b Отделение автоматизации и робототехники (ОАР) |3 (RuTPU)RU\TPU\col\23553 |
| 801 | 2 | |a RU |b 63413507 |c 20210318 |g RCR | |
| 850 | |a 63413507 | ||
| 856 | 4 | |u http://earchive.tpu.ru/handle/11683/64805 | |
| 856 | 4 | |u https://doi.org/10.1007/JHEP10(2019)124 | |
| 942 | |c CF | ||